01025nam a2200265 a 450000100100000000500170001000800410002704000250006808200170009310000400011024500940015026000400024430000210028450400320030559000270033765000380036465000380040265000400044065000350048070000390051570000360055491000370059095201150062799900170074200003869220250527115319.0130418s1996 dr 001 0 spa d aDO-SdBNPbspacBNPHU a658.4bR696c1 aRodríguez, William,d1954-92016910aCómo organizar una empresa /cWilliam Rodríguez, Edgar Guillermo, Eleido Rodríguez. aSanto Domingo :bDe Colores,c1996. a247 p. ;c20 cm. aBibliografía: p. 243-247. aInventariado, 2018/ YL 0aAdministración industrial95872 0aPlanificación empresarial91780 4aPlanificación estratégica92433 4aCrecimiento empresarial9201701 aRodríguez, Eleido,d1948-9201711 aGuillermo, Edgar,d1953-920172 aValidado. Control de calidad EMS 0010718PDaPDbPDcHDd2013-04-18iLF1l0o658.4 R696cp38692-10r2020-06-25w2020-06-25yLFPDZNo se presta c38182d38182